000 00642nam a2200205 i 4500
001 80244
003 ES-MaACL
005 20250728192014.0
007 t|
008 041027s1986 sp ||||1| spa d
020 _a84-206-9541-6
245 0 0 _aDiego Hidalgo
_b: memoria de un tiempo difícil /
_cElsa López... [et al.].
260 _aMadrid :
_bAlianza,
_c1986.
300 _a284, [34] p., [32] p. de lám. ;
_c23 cm.
500 _aApéndice documental: [34] p.
600 1 4 _aHidalgo, Diego,
_d1886-1961
_963566
700 1 _aLópez, Elsa,
_d1943-
_973324
852 _aES-MaACL
_jG-5300
_bR.114294
999 _c80244
_d80244